[Event "Tata Steel Masters"]
[Date "2026.01.18"]
[White "Aravindh, Chithambaram VR."]
[Black "Abdusattorov, Nodirbek"]
[WhiteElo "2700"]
[BlackElo "2751"]
[Round "3.3.5"]
[Result "1/2-1/2"]

e4 {[%clk 01:59:39] [%emt 00:00:20]} e5 {[%clk 01:59:33] [%emt 00:00:28]} Nf3
{[%clk 01:59:27] [%emt 00:00:12]} Nc6 {[%clk 01:59:16] [%emt 00:00:17]} Nc3
{[%clk 01:59:08] [%emt 00:00:19]} Nf6 {[%clk 01:58:28] [%emt 00:00:49]} Nd5
{[%clk 01:58:37] [%emt 00:00:31]} Bc5 {[%clk 01:56:28] [%emt 00:02:00]} Bc4
{[%clk 01:57:53] [%emt 00:00:44]} O-O {[%clk 01:49:27] [%emt 00:07:01]} d3
{[%clk 01:56:20] [%emt 00:01:33]} Nxd5 {[%clk 01:48:45] [%emt 00:00:42]} Bxd5
{[%clk 01:56:02] [%emt 00:00:17]} d6 {[%clk 01:47:13] [%emt 00:01:33]} c3 {[%clk
01:55:00] [%emt 00:01:02]} a5 {[%clk 01:44:01] [%emt 00:03:12]} O-O {[%clk
01:48:10] [%emt 00:06:50]} Qe8 {[%clk 01:39:09] [%emt 00:04:51]} h3 {[%clk
01:28:43] [%emt 00:19:28]} Bb6 {[%clk 01:27:31] [%emt 00:11:38]} Re1 {[%clk
01:19:30] [%emt 00:09:13]} Be6 {[%clk 01:24:18] [%emt 00:03:13]} Bxe6 {[%clk
01:11:10] [%emt 00:08:21]} Qxe6 {[%clk 01:14:59] [%emt 00:09:19]} Be3 {[%clk
01:10:09] [%emt 00:01:00]} Bxe3 {[%clk 01:11:58] [%emt 00:03:01]} Rxe3 {[%clk
01:09:58] [%emt 00:00:11]} a4 {[%clk 01:11:33] [%emt 00:00:25]} d4 {[%clk
01:08:49] [%emt 00:01:09]} Qc4 {[%clk 01:09:22] [%emt 00:02:11]} dxe5 {[%clk
00:51:46] [%emt 00:17:04]} Nxe5 {[%clk 01:09:10] [%emt 00:00:12]} Nd4 {[%clk
00:51:13] [%emt 00:00:32]} Rfe8 {[%clk 01:06:32] [%emt 00:02:38]} Qe2 {[%clk
00:50:14] [%emt 00:00:58]} Ra5 {[%clk 01:01:13] [%emt 00:05:19]} f4 {[%clk
00:39:10] [%emt 00:11:05]} Qxe2 {[%clk 01:00:37] [%emt 00:00:37]} Rxe2 {[%clk
00:39:06] [%emt 00:00:04]} Nd3 {[%clk 00:56:34] [%emt 00:04:01]} g3 {[%clk
00:38:46] [%emt 00:00:21]} Ra6 {[%clk 00:39:09] [%emt 00:17:24]} Rd1 {[%clk
00:29:43] [%emt 00:09:04]} Nc5 {[%clk 00:39:04] [%emt 00:00:06]} e5 {[%clk
00:29:18] [%emt 00:00:25]} Kf8 {[%clk 00:36:38] [%emt 00:02:25]} Nb5 {[%clk
00:21:45] [%emt 00:07:34]} Rc6 {[%clk 00:34:39] [%emt 00:01:59]} Rd5 {[%clk
00:19:02] [%emt 00:02:42]} Nd7 {[%clk 00:28:21] [%emt 00:06:17]} Rdd2 {[%clk
00:12:06] [%emt 00:06:56]} Rc5 {[%clk 00:22:22] [%emt 00:06:00]} Na3 {[%clk
00:09:24] [%emt 00:02:42]} d5 {[%clk 00:20:24] [%emt 00:01:58]} Nc2 {[%clk
00:09:09] [%emt 00:00:15]} Nb6 {[%clk 00:19:22] [%emt 00:01:01]} Rd3 {[%clk
00:08:24] [%emt 00:00:46]} Ra5 {[%clk 00:17:26] [%emt 00:01:55]} Kf2 {[%clk
00:08:13] [%emt 00:00:11]} c6 {[%clk 00:16:15] [%emt 00:01:12]} Nd4 {[%clk
00:07:51] [%emt 00:00:21]} Nd7 {[%clk 00:15:01] [%emt 00:01:13]} Kf3 {[%clk
00:07:09] [%emt 00:00:42]} Nc5 {[%clk 00:13:15] [%emt 00:01:46]} Rd1 {[%clk
00:06:31] [%emt 00:00:38]} Raa8 {[%clk 00:12:43] [%emt 00:00:33]} Nf5 {[%clk
00:04:12] [%emt 00:02:19]} f6 {[%clk 00:11:04] [%emt 00:01:39]} exf6 {[%clk
00:03:49] [%emt 00:00:23]} gxf6 {[%clk 00:10:59] [%emt 00:00:05]} Rxe8+ {[%clk
00:03:28] [%emt 00:00:21]} Rxe8 {[%clk 00:10:53] [%emt 00:00:05]} g4 {[%clk
00:03:16] [%emt 00:00:12]} a3 {[%clk 00:07:31] [%emt 00:03:23]} b3 {[%clk
00:02:40] [%emt 00:00:35]} Ne4 {[%clk 00:07:15] [%emt 00:00:16]} Rd3 {[%clk
00:02:20] [%emt 00:00:20]} Nc5 {[%clk 00:06:49] [%emt 00:00:26]} Rd1 {[%clk
00:32:39] [%emt 00:00:11]} Ne4 {[%clk 00:37:08] [%emt 00:00:11]} Rd3 {[%clk
00:31:37] [%emt 00:01:32]} Nc5 {[%clk 00:37:06] [%emt 00:00:32]} Rd1 {[%clk
00:28:46] [%emt 00:03:19]}

[Site "Europe Echecs"]

[Event "Tata Steel Masters"]
[Date "2026.01.18"]
[White "Niemann, Hans Moke"]
[Black "Erdogmus, Yagiz Kaan"]
[WhiteElo "2725"]
[BlackElo "2658"]
[Round "3.3.6"]
[Result "1/2-1/2"]

e4 {[%clk 01:59:51] [%emt 00:00:08]} c6 {[%clk 01:59:54] [%emt 00:00:07]} d4
{[%clk 01:58:44] [%emt 00:01:07]} d5 {[%clk 01:59:49] [%emt 00:00:05]} e5 {[%clk
01:58:26] [%emt 00:00:17]} Bf5 {[%clk 01:59:39] [%emt 00:00:09]} Nf3 {[%clk
01:53:22] [%emt 00:05:04]} e6 {[%clk 01:59:32] [%emt 00:00:08]} Be2 {[%clk
01:53:11] [%emt 00:00:09]} c5 {[%clk 01:59:28] [%emt 00:00:06]} Be3 {[%clk
01:49:50] [%emt 00:03:21]} Nd7 {[%clk 01:59:11] [%emt 00:00:16]} O-O {[%clk
01:48:29] [%emt 00:01:20]} Ne7 {[%clk 01:59:07] [%emt 00:00:05]} dxc5 {[%clk
01:46:40] [%emt 00:01:49]} Nc6 {[%clk 01:58:14] [%emt 00:00:54]} c4 {[%clk
01:37:46] [%emt 00:08:53]} dxc4 {[%clk 01:54:19] [%emt 00:03:55]} Na3 {[%clk
01:37:14] [%emt 00:00:32]} Bxc5 {[%clk 01:46:45] [%emt 00:07:34]} Bxc5 {[%clk
01:33:33] [%emt 00:03:41]} Nxc5 {[%clk 01:46:36] [%emt 00:00:08]} Nxc4 {[%clk
01:33:29] [%emt 00:00:04]} O-O {[%clk 01:37:03] [%emt 00:09:34]} Qc1 {[%emt
00:35:18]} Nd7 {[%clk 00:57:01] [%emt 00:05:27]} Rd1 {[%clk 01:26:29] [%emt
00:06:15]} Be4 {[%clk 00:50:37] [%emt 00:06:25]} Qe3 {[%clk 01:19:46] [%emt
00:06:43]} Bd5 {[%clk 00:50:17] [%emt 00:00:20]} Rac1 {[%clk 01:18:58] [%emt
00:00:48]} Qb8 {[%emt 00:28:46]} h3 {[%clk 00:45:36] [%emt 00:08:38]} a6 {[%emt
00:26:22]} Qg5 {[%clk 00:28:33]} h6 {[%clk 00:33:11] [%emt 00:03:47]} Qg3 {[%clk
00:27:02] [%emt 00:01:30]} Bxc4 {[%clk 00:29:17] [%emt 00:03:55]} Rxc4 {[%clk
00:26:53] [%emt 00:00:08]} Ndxe5 {[%clk 00:29:10] [%emt 00:00:08]} Nxe5 {[%clk
00:26:43] [%emt 00:00:09]} Qxe5 {[%clk 00:24:37] [%emt 00:04:34]} Qxe5 {[%clk
00:26:37] [%emt 00:00:06]} Nxe5 {[%clk 00:24:35] [%emt 00:00:02]} Rc5 {[%clk
00:25:35] [%emt 00:01:00]} Nc6 {[%clk 00:22:20] [%emt 00:02:16]} Rd7 {[%clk
00:25:14] [%emt 00:00:20]} Rab8 {[%clk 00:21:28] [%emt 00:00:53]} Bf3 {[%clk
00:13:47] [%emt 00:11:27]} Rfd8 {[%clk 00:15:35] [%emt 00:05:53]} Bxc6 {[%clk
00:12:57] [%emt 00:00:49]} bxc6 {[%clk 00:15:31] [%emt 00:00:05]} Rxd8+ {[%clk
00:12:47] [%emt 00:00:10]} Rxd8 {[%clk 00:15:28] [%emt 00:00:03]} Rxc6 {[%clk
00:12:38] [%emt 00:00:10]} Rd1+ {[%clk 00:15:25] [%emt 00:00:03]} Kh2 {[%clk
00:12:29] [%emt 00:00:08]} Rd2 {[%clk 00:15:22] [%emt 00:00:03]} Rxa6 {[%clk
00:12:11] [%emt 00:00:17]} Rxb2 {[%clk 00:15:05] [%emt 00:00:18]} Kg1 {[%clk
00:12:06] [%emt 00:00:05]} Rb1+ {[%clk 00:14:58] [%emt 00:00:07]} Kh2 {[%clk
00:12:01] [%emt 00:00:04]} Rb2 {[%clk 00:14:57] [%emt 00:00:02]} Kg1 {[%clk
00:11:55] [%emt 00:00:06]} Rb1+ {[%clk 00:14:43] [%emt 00:00:15]} Kh2 {[%clk
00:11:50] [%emt 00:00:05]} Rb2 {[%clk 00:14:41] [%emt 00:00:02]} Kg1 {[%clk
00:11:44] [%emt 00:00:05]} Rb1+ {[%clk 00:14:31] [%emt 00:00:11]} Kh2 {[%clk
00:11:39] [%emt 00:00:04]} Rb2 {[%clk 00:14:20] [%emt 00:00:11]} Kg1 {[%clk
00:11:34] [%emt 00:00:04]}

[Site "Europe Echecs"]

[Event "Tata Steel Masters"]
[Date "2026.01.18"]
[White "Sindarov, Javokhir"]
[Black "Fedoseev, Vladimir"]
[WhiteElo "2726"]
[BlackElo "2705"]
[Round "3.3.7"]
[Result "1/2-1/2"]

e4 {[%clk 01:59:39] [%emt 00:00:20]} e5 {[%clk 01:59:02] [%emt 00:00:58]} Nf3
{[%clk 01:59:12] [%emt 00:00:27]} Nf6 {[%clk 01:56:32] [%emt 00:02:30]} Nxe5
{[%clk 01:58:02] [%emt 00:01:11]} d6 {[%clk 01:56:24] [%emt 00:00:08]} Nf3
{[%clk 01:57:51] [%emt 00:00:11]} Nxe4 {[%clk 01:56:18] [%emt 00:00:06]} d4
{[%clk 01:56:58] [%emt 00:00:53]} d5 {[%clk 01:56:07] [%emt 00:00:11]} Bd3
{[%clk 01:56:49] [%emt 00:00:10]} Bd6 {[%clk 01:55:57] [%emt 00:00:09]} O-O
{[%clk 01:56:29] [%emt 00:00:20]} O-O {[%clk 01:55:48] [%emt 00:00:08]} c4
{[%clk 01:53:39] [%emt 00:02:51]} c6 {[%clk 01:55:35] [%emt 00:00:13]} h3 {[%clk
01:47:41] [%emt 00:05:58]} Bf5 {[%clk 01:48:13] [%emt 00:07:21]} Nc3 {[%clk
01:40:57] [%emt 00:06:45]} Nxc3 {[%clk 01:39:27] [%emt 00:08:46]} bxc3 {[%clk
01:40:23] [%emt 00:00:35]} Bxd3 {[%clk 01:36:38] [%emt 00:02:49]} Qxd3 {[%clk
01:40:14] [%emt 00:00:09]} dxc4 {[%clk 01:35:49] [%emt 00:00:49]} Qxc4 {[%clk
01:39:56] [%emt 00:00:19]} Nd7 {[%clk 01:35:44] [%emt 00:00:05]} Qb3 {[%clk
01:34:25] [%emt 00:05:30]} b6 {[%clk 01:31:53] [%emt 00:03:50]} c4 {[%clk
01:31:18] [%emt 00:03:09]} h6 {[%clk 01:28:18] [%emt 00:03:34]} a4 {[%clk
01:28:13] [%emt 00:03:05]} Re8 {[%clk 01:25:18] [%emt 00:03:00]} Ba3 {[%clk
01:25:23] [%emt 00:02:50]} Bxa3 {[%clk 01:22:10] [%emt 00:03:08]} Qxa3 {[%clk
01:24:46] [%emt 00:00:38]} Qc7 {[%clk 01:21:37] [%emt 00:00:32]} Rfe1 {[%clk
01:22:30] [%emt 00:02:17]} Nf6 {[%clk 01:19:38] [%emt 00:01:59]} a5 {[%clk
01:20:39] [%emt 00:01:51]} Rad8 {[%clk 01:19:12] [%emt 00:00:25]} Rxe8+ {[%clk
01:19:33] [%emt 00:01:07]} Rxe8 {[%clk 01:19:06] [%emt 00:00:06]} Qa4 {[%clk
01:19:22] [%emt 00:00:11]} Qd7 {[%clk 01:11:21] [%emt 00:07:46]} axb6 {[%clk
01:18:10] [%emt 00:01:12]} axb6 {[%clk 01:11:17] [%emt 00:00:03]} Rb1 {[%clk
01:16:22] [%emt 00:01:49]} Qc7 {[%clk 01:10:20] [%emt 00:00:57]} Qb3 {[%clk
01:15:50] [%emt 00:00:32]} Rb8 {[%clk 01:10:10] [%emt 00:00:10]} Qe3 {[%clk
01:15:05] [%emt 00:00:45]} Re8 {[%clk 01:07:20] [%emt 00:02:50]} Qb3 {[%clk
01:14:44] [%emt 00:00:22]} Rb8 {[%clk 01:07:10] [%emt 00:00:09]} Qe3 {[%clk
01:14:37] [%emt 00:00:07]} Re8 {[%clk 01:07:00] [%emt 00:00:10]} Qb3 {[%clk
01:14:27] [%emt 00:00:10]} Rb8 {[%emt 00:00:18]}

[Site "Europe Echecs"]

[Event "Tata Steel Masters"]
[Date "2026.01.19"]
[White "Fedoseev, Vladimir"]
[Black "Van Foreest, Jorden"]
[WhiteElo "2705"]
[BlackElo "2703"]
[Round "4.4.1"]
[Result "1/2-1/2"]

d4 {[%clk 01:59:14] [%emt 00:00:45]} Nf6 {[%clk 01:59:48] [%emt 00:00:11]} c4
{[%clk 01:59:06] [%emt 00:00:08]} g6 {[%clk 01:59:39] [%emt 00:00:09]} Nc3
{[%clk 01:58:59] [%emt 00:00:08]} Bg7 {[%clk 01:59:20] [%emt 00:00:18]} e4
{[%clk 01:58:50] [%emt 00:00:09]} d6 {[%clk 01:59:14] [%emt 00:00:07]} Nf3
{[%clk 01:58:43] [%emt 00:00:08]} O-O {[%clk 01:58:57] [%emt 00:00:16]} Be2
{[%clk 01:58:33] [%emt 00:00:10]} Na6 {[%clk 01:58:39] [%emt 00:00:18]} O-O
{[%clk 01:58:17] [%emt 00:00:15]} e5 {[%clk 01:58:24] [%emt 00:00:16]} Bg5
{[%clk 01:56:58] [%emt 00:01:19]} h6 {[%clk 01:57:13] [%emt 00:01:11]} Be3
{[%clk 01:55:58] [%emt 00:00:59]} Ng4 {[%clk 01:57:07] [%emt 00:00:07]} Bc1
{[%clk 01:55:52] [%emt 00:00:06]} exd4 {[%clk 01:52:02] [%emt 00:05:05]} Nxd4
{[%clk 01:55:43] [%emt 00:00:09]} Qf6 {[%clk 01:51:37] [%emt 00:00:25]} Bxg4
{[%clk 01:40:26] [%emt 00:15:18]} Bxg4 {[%clk 01:36:01] [%emt 00:15:37]} Qxg4
{[%clk 01:40:17] [%emt 00:00:09]} Qxd4 {[%clk 01:35:48] [%emt 00:00:13]} Qe2
{[%clk 01:40:12] [%emt 00:00:04]} Nc5 {[%clk 01:34:01] [%emt 00:01:47]} Rd1
{[%clk 01:26:08] [%emt 00:14:05]} Qe5 {[%clk 01:33:03] [%emt 00:00:57]} Be3
{[%clk 01:15:36] [%emt 00:10:32]} Nxe4 {[%clk 01:28:34] [%emt 00:04:29]} Nd5
{[%clk 01:15:21] [%emt 00:00:15]} Qxb2 {[%clk 01:09:11] [%emt 00:19:23]} Qxb2
{[%clk 01:14:54] [%emt 00:00:28]} Bxb2 {[%clk 01:09:05] [%emt 00:00:06]} Rab1
{[%clk 01:14:41] [%emt 00:00:13]} Nc3 {[%clk 01:06:15] [%emt 00:02:50]} Nxc3
{[%clk 01:13:41] [%emt 00:01:00]} Bxc3 {[%clk 01:06:07] [%emt 00:00:08]} Rxb7
{[%clk 01:13:37] [%emt 00:00:04]} Ba5 {[%clk 01:04:24] [%emt 00:01:43]} Bxa7
{[%clk 01:10:30] [%emt 00:03:07]} Rfe8 {[%clk 01:02:45] [%emt 00:01:40]} g3
{[%clk 01:04:36] [%emt 00:05:54]} Re2 {[%clk 01:01:08] [%emt 00:01:36]} a3
{[%clk 01:04:08] [%emt 00:00:29]} Ra2 {[%clk 00:43:53] [%emt 00:17:15]} Rd3
{[%clk 01:03:04] [%emt 00:01:04]} g5 {[%clk 00:31:46] [%emt 00:12:07]} Rf3
{[%clk 00:51:44] [%emt 00:11:20]} Re8 {[%clk 00:27:00] [%emt 00:04:46]} Kg2
{[%clk 00:47:25] [%emt 00:04:19]} Re4 {[%clk 00:26:40] [%emt 00:00:21]} c5
{[%clk 00:44:33] [%emt 00:02:52]} g4 {[%clk 00:24:11] [%emt 00:02:28]} Rf5
{[%clk 00:42:33] [%emt 00:02:00]} Re5 {[%clk 00:22:10] [%emt 00:02:02]} Rf4
{[%clk 00:41:52] [%emt 00:00:41]} dxc5 {[%clk 00:20:46] [%emt 00:01:24]} Rb5
{[%clk 00:35:16] [%emt 00:06:36]} Bb6 {[%clk 00:18:19] [%emt 00:02:27]} Bxb6
{[%clk 00:35:08] [%emt 00:00:09]} cxb6 {[%clk 00:18:17] [%emt 00:00:02]} Rxb6
{[%clk 00:34:35] [%emt 00:00:34]} h5 {[%clk 00:16:29] [%emt 00:01:47]} Rb8+
{[%clk 00:31:43] [%emt 00:02:51]} Kg7 {[%clk 00:16:23] [%emt 00:00:06]} Rb7
{[%clk 00:31:40] [%emt 00:00:03]} Rxa3 {[%clk 00:10:56] [%emt 00:05:28]} Rbxf7+
{[%clk 00:31:32] [%emt 00:00:08]} Kg8 {[%clk 00:10:54] [%emt 00:00:02]} R7f5
{[%clk 00:23:02] [%emt 00:08:30]} Rxf5 {[%clk 00:10:49] [%emt 00:00:05]} Rxf5
{[%clk 00:22:58] [%emt 00:00:03]} c4 {[%clk 00:10:45] [%emt 00:00:04]} Rxh5
{[%clk 00:22:54] [%emt 00:00:04]} Kf7 {[%clk 00:10:31] [%emt 00:00:14]} Rg5
{[%clk 00:52:34] [%emt 00:00:51]} Ke6 {[%clk 00:39:30] [%emt 00:01:31]} Rxg4
{[%clk 00:52:16] [%emt 00:00:48]} Kd5 {[%clk 00:36:45] [%emt 00:03:15]} Rg8
{[%clk 00:30:41] [%emt 00:22:05]} c3 {[%clk 00:37:09] [%emt 00:00:06]} h4 {[%clk
00:23:07] [%emt 00:08:04]} Ke4 {[%clk 00:33:57] [%emt 00:03:41]} Re8+ {[%clk
00:06:47] [%emt 00:16:50]} Kd3 {[%clk 00:34:18] [%emt 00:00:09]} Rd8+ {[%clk
00:07:14] [%emt 00:00:03]} Ke2 {[%clk 00:34:22] [%emt 00:00:25]} Re8+ {[%clk
00:07:41] [%emt 00:00:03]} Kd2 {[%clk 00:34:44] [%emt 00:00:08]} Rd8+ {[%clk
00:07:50] [%emt 00:00:22]} Ke2 {[%clk 00:35:04] [%emt 00:00:09]} Rc8 {[%clk
00:08:16] [%emt 00:00:04]} Kd2 {[%clk 00:32:27] [%emt 00:03:07]} g4 {[%clk
00:06:59] [%emt 00:01:48]} c2 {[%clk 00:32:53] [%emt 00:00:04]} g5 {[%clk
00:07:17] [%emt 00:00:12]} Ra4 {[%clk 00:31:27] [%emt 00:01:56]} Kg3 {[%clk
00:05:05] [%emt 00:02:42]} Ra3+ {[%clk 00:31:49] [%emt 00:00:09]} Kg2 {[%clk
00:05:27] [%emt 00:00:07]} Ra4 {[%clk 00:32:14] [%emt 00:00:06]} f4 {[%clk
00:05:15] [%emt 00:00:42]} Rxf4 {[%clk 00:32:37] [%emt 00:00:07]} Kg3 {[%clk
00:05:28] [%emt 00:00:16]} Rf1 {[%clk 00:29:20] [%emt 00:03:48]} h5 {[%clk
00:04:57] [%emt 00:01:01]} c1=Q {[%clk 00:29:45] [%emt 00:00:05]} Rxc1 {[%clk
00:05:23] [%emt 00:00:03]} Rxc1 {[%clk 00:30:10] [%emt 00:00:05]} h6 {[%clk
00:02:40] [%emt 00:03:14]} Rh1 {[%clk 00:30:03] [%emt 00:00:36]} Kf4 {[%clk
00:03:03] [%emt 00:00:07]} Rh4+ {[%clk 00:29:12] [%emt 00:01:20]} Kf5 {[%clk
00:03:04] [%emt 00:00:29]} Ke3 {[%clk 00:29:37] [%emt 00:00:05]} Kg6 {[%clk
00:03:26] [%emt 00:00:08]}

[Site "Europe Echecs"]

[Event "Tata Steel Masters"]
[Date "2026.01.19"]
[White "Aravindh, Chithambaram VR."]
[Black "Niemann, Hans Moke"]
[WhiteElo "2700"]
[BlackElo "2725"]
[Round "4.4.2"]
[Result "0-1"]

Nf3 {[%clk 01:58:06] [%emt 00:01:45]} Nf6 {[%clk 01:58:43] [%emt 00:01:25]} g3
{[%clk 01:57:50] [%emt 00:00:17]} c5 {[%clk 01:57:25] [%emt 00:01:18]} Bg2
{[%clk 01:57:21] [%emt 00:00:29]} Nc6 {[%clk 01:57:10] [%emt 00:00:14]} c4
{[%clk 01:55:23] [%emt 00:02:00]} d5 {[%emt 00:05:16]} cxd5 {[%clk 01:45:58]
[%emt 00:04:45]} Nxd5 {[%clk 01:55:56] [%emt 00:00:37]} Nc3 {[%clk 01:45:50]
[%emt 00:00:09]} Nc7 {[%clk 01:55:23] [%emt 00:00:31]} O-O {[%clk 01:45:44]
[%emt 00:00:08]} e5 {[%clk 01:54:50] [%emt 00:00:33]} a3 {[%clk 01:45:37] [%emt
00:00:08]} Rb8 {[%clk 01:54:10] [%emt 00:00:39]} d3 {[%clk 01:44:39] [%emt
00:00:58]} Be7 {[%clk 01:51:49] [%emt 00:02:20]} Nd2 {[%clk 01:44:30] [%emt
00:00:10]} Bd7 {[%clk 01:45:48] [%emt 00:06:01]} Nc4 {[%clk 01:43:35] [%emt
00:00:55]} f6 {[%clk 01:45:05] [%emt 00:00:43]} f4 {[%emt 00:04:13]} b5 {[%clk
01:42:58] [%emt 00:01:01]} Ne3 {[%clk 01:40:19] [%emt 00:00:10]} O-O {[%clk
01:40:44] [%emt 00:02:13]} f5 {[%clk 01:39:42] [%emt 00:00:38]} Nd4 {[%clk
01:36:03] [%emt 00:04:41]} g4 {[%clk 01:38:48] [%emt 00:00:55]} Kh8 {[%clk
01:30:53] [%emt 00:05:10]} Bd2 {[%clk 01:15:39] [%emt 00:23:08]} Be8 {[%clk
01:27:03] [%emt 00:03:49]} Ne4 {[%clk 01:15:02] [%emt 00:00:38]} Bf7 {[%clk
01:25:34] [%emt 00:01:29]} Bc3 {[%clk 01:07:13] [%emt 00:07:49]} b4 {[%clk
01:16:40] [%emt 00:08:55]} axb4 {[%clk 01:03:29] [%emt 00:03:44]} cxb4 {[%clk
01:16:29] [%emt 00:00:11]} Bd2 {[%clk 01:03:22] [%emt 00:00:06]} Bb3 {[%clk
01:15:49] [%emt 00:00:39]} Qe1 {[%clk 01:03:13] [%emt 00:00:09]} Ncb5 {[%clk
01:15:28] [%emt 00:00:22]} Rc1 {[%clk 00:52:11] [%emt 00:11:02]} Bg8 {[%clk
01:13:44] [%emt 00:01:43]} Rd1 {[%clk 00:44:45] [%emt 00:07:27]} a5 {[%clk
01:05:49] [%emt 00:07:55]} Kh1 {[%clk 00:41:43] [%emt 00:03:02]} Nb3 {[%clk
01:02:48] [%emt 00:03:01]} Nc4 {[%clk 00:40:13] [%emt 00:01:30]} Nxd2 {[%clk
01:01:43] [%emt 00:01:06]} Rxd2 {[%clk 00:39:47] [%emt 00:00:26]} b3 {[%clk
00:51:55] [%emt 00:09:49]} Qg3 {[%clk 00:35:56] [%emt 00:03:51]} a4 {[%clk
00:45:07] [%emt 00:06:48]} g5 {[%clk 00:35:33] [%emt 00:00:22]} a3 {[%clk
00:43:46] [%emt 00:01:22]} e3 {[%clk 00:25:35] [%emt 00:09:59]} fxg5 {[%clk
00:34:03] [%emt 00:09:42]} Nxe5 {[%clk 00:22:56] [%emt 00:02:39]} Rb6 {[%clk
00:33:22] [%emt 00:00:41]} bxa3 {[%clk 00:20:33] [%emt 00:02:24]} Nxa3 {[%clk
00:33:07] [%emt 00:00:14]} Rb2 {[%clk 00:20:26] [%emt 00:00:07]} Qe8 {[%clk
00:27:36] [%emt 00:05:30]} d4 {[%clk 00:13:38] [%emt 00:06:50]} Nc4 {[%clk
00:26:57] [%emt 00:00:39]} Rbb1 {[%clk 00:13:34] [%emt 00:00:05]} b2 {[%clk
00:22:55] [%emt 00:04:02]} Rf2 {[%clk 00:12:58] [%emt 00:00:36]} Qc8 {[%clk
00:15:35] [%emt 00:07:20]} Rc2 {[%clk 00:10:08] [%emt 00:02:50]} Nxe5 {[%clk
00:13:58] [%emt 00:01:37]} Rxc8 {[%clk 00:09:20] [%emt 00:00:48]} Rxc8 {[%clk
00:13:54] [%emt 00:00:03]} Nc5 {[%clk 00:08:01] [%emt 00:01:19]} Bxc5 {[%clk
00:11:52] [%emt 00:02:03]} Be4 {[%clk 00:03:05] [%emt 00:04:55]} Nc4 {[%clk
00:06:57] [%emt 00:04:56]} dxc5 {[%clk 00:33:28] [%emt 00:00:06]} Rxc5 {[%clk
00:37:21] [%emt 00:00:07]} Qf2 {[%clk 00:33:25] [%emt 00:00:33]} Nd6 {[%clk
00:35:12] [%emt 00:02:38]} Bc2 {[%clk 00:31:22] [%emt 00:02:33]} Bd5+ {[%clk
00:34:09] [%emt 00:01:33]} Kg1 {[%clk 00:31:45] [%emt 00:00:07]} Ne4 {[%clk
00:33:10] [%emt 00:01:29]} Qe2 {[%clk 00:31:36] [%emt 00:00:39]} Nc3 {[%clk
00:23:42] [%emt 00:09:59]} Qd3 {[%emt 00:04:12]} Nxb1 {[%clk 00:18:35] [%emt
00:01:58]} f6 {[%clk 00:31:56] [%emt 00:00:06]} Rxc2 {[%clk 00:18:58] [%emt
00:00:08]} Qxd5 {[%clk 00:32:14] [%emt 00:00:11]} gxf6 {[%clk 00:17:35] [%emt
00:01:54]} Qd8+ {[%clk 00:32:36] [%emt 00:00:07]} Kg7 {[%clk 00:18:01] [%emt
00:00:03]} Qe7+ {[%clk 00:32:57] [%emt 00:00:10]} Kg6 {[%clk 00:16:15] [%emt
00:02:15]} Qe8+ {[%clk 00:33:16] [%emt 00:00:12]} Kf5 {[%clk 00:15:57] [%emt
00:00:47]} Qd7+ {[%clk 00:32:59] [%emt 00:00:48]} Ke4 {[%clk 00:16:11] [%emt
00:00:15]} Qd4+ {[%clk 00:32:16] [%emt 00:01:14]} Kf3 {[%clk 00:16:26] [%emt
00:00:14]} Qd1+ {[%clk 00:32:40] [%emt 00:00:06]} Kxe3 {[%clk 00:15:58] [%emt
00:00:59]} Qxc2 {[%clk 00:32:58] [%emt 00:00:12]} Nd2 {[%clk 00:16:02] [%emt
00:00:24]} Qc5+ {[%clk 00:33:08] [%emt 00:00:22]} Ke2 {[%clk 00:16:10] [%emt
00:00:21]}

[Site "Europe Echecs"]